000 01144nam a2200253Ia 4500
003 GCL
008 140319s9999 xx 000 0 ara d
020 _a5046829953
040 _aGCL /
_cGCL
082 0 4 _a327.53
_bظ ا
100 1 _aظافر محمد العجمى
245 1 0 _aامن الخليج العربى :
_bتطوره واشكالياته من منظور العلاقات الاقليمية والدولية /
_cظافر محمد العجمى
250 _aالاولى
260 _aبيروت :
_bمركز دراسات الوحدة العربية ،
_c2006
300 _a668 ص ؛
_c24 سم
490 _aسلسلة اطروحات الدكتوراة
_v56
650 0 4 _aالخليج العربى
650 0 4 _aالخليج العربى - التنمية الاقتصادية
650 0 4 _aالبترول - العالم العربى
650 0 4 _aالخليج العربى - الاحوال السياسية
650 0 4 _aالخليج العربى - التدخل الاجنبى - الولايات المتحدة الامريكية
650 0 4 _aالعالم العربى - الحدود السياسية
942 _2ddc
_cBK
999 _c8919
_d8919